000 00604nam a22001937a 4500
003 OSt
005 20250516123539.0
008 250516s2000 mx ||||| |||| 00| 0 spa d
020 _a9681206991
040 _cbesoc
100 1 _aGarza Mercado, Ario,
_eautor
245 1 0 _aManual de técnicas de investigación para estudiantes de ciencias sociales /
_cArio Garza Mercado
250 _a6a ed.
260 _aMéxico :
_bEl Colegio de México,
_c2000
300 _a410 p.
490 0 _aBiblioteca Daniel Cosío Villegas
650 4 _aMetodología de la investigación
_xCiencias sociales
942 _2udc
_cOG
_n0
999 _c508
_d508